| 000 | 01252nam0a22002891 4500 | ||
|---|---|---|---|
| 001 | rc\4893883 | ||
| 005 | 20260303140143.0 | ||
| 021 |
_aRU _bРг3911-68 |
||
| 035 | _a(NLR Aleph) 008924366 | ||
| 090 |
_a8844434 _c8844434 |
||
| 100 | _a20130426d1967 c y0rusy50 ca | ||
| 101 | 0 | _arus | |
| 102 | _aRU | ||
| 105 | _aa z ||||| | ||
| 200 | 1 | _aРисунки А. Якобсон к сказке С. Аксакова "Аленький цветочек" | |
| 210 |
_aЛенинград _c"Художник РСФСР" _d1967 |
||
| 215 |
_a[28] с. _cил. _d18 |
||
| 604 |
_1700#1$aАксаков$bС. Т.$f1791 - 1859$gСергей Тимофеевич _15001#$a"Аленький цветочек"$2nlr_sh2$3RU\NLR\AUTH\6601673069 _aАксаков, Сергей Тимофеевич (1791 - 1859) _t"Аленький цветочек" _92447283 _3RU\NLR\AUTH\6601673069 |
||
| 686 | _aШ9(2)3=Р-2Аксаков | ||
| 686 | 1 | _aШ5(2=Р)51-4Аксаков | |
| 700 | 1 |
_4040 _aЯкобсон _bА. Н. _cхудожник _f1903-1966 _gАлександра Николаевна _9147253 _3RU\NLR\AUTH\770147289 |
|
| 801 | 0 |
_aRU _bNLR _gpsbo |
|
| 801 | 1 |
_aRU _bELAR _2rusmarc |
|
| 852 |
_aNLR _jЭ АлИс570/1-А413 |
||
| 942 | _cUNSPEC | ||
| 980 | _aNB | ||